Responses for Show #4925 - Friday, January 27, 2006

(Sarah: With star power and great design, Nike makes us think we could all be athletes. Clues from the Oregon campus, next on Jeopardy!)

Contestants

[<< previous game]

Paul Canty, a homemaker from Easthampton, Massachusetts

Candy Murphy, a federal IT specialist from Brambleton, Virginia

Miranda Schwartz, a copy editor from New York, New York (whose 1-day cash winnings total $16,801)

[next game >>]

Jeopardy! Round responses

THE SWEET 16th CENTURY
NIKE
PAST, PRESENT OR FUTURE
GLOBETROTTING
MAGAZINES
2-LETTER CROSSWORD HELPER
    $200 2
Columbus

Candy
    $200 20
Tiger Woods

Candy
    $200 12
the present

Candy
    $200 11
safari

Paul
    $200 1
Einstein

Paul
    $200 25
Japan

Candy
    $400 3
Martin Luther

Candy
    $400 21
Michael Johnson

Paul
    $400 13
a future

Candy
    $400 16
Pope John Paul II

Candy
    $400 7
the Girl Scouts of America

Paul
    $400 27
Hawaiian

Miranda
    $600 4
(Paul: What are Finland and Norway?)

Norway & Denmark

CandyPaul
    $600 22
Steve Prefontaine

Paul
    $600 14
future shock

Paul
    $600 17
frequent flyer miles

Miranda
    $600 8
Carry Nation

Paul
    $600 28
Buddha

Paul
    $800 5
Henry VIII

Candy
    $800 23
"Just do it"

Candy
    $800 15
(Alex: Remembrance of Things [*].)

past

Miranda
    $800 18
the Amazon

Candy
    $800 9
Better Homes and Gardens

Candy
    $800 29
titanium

Miranda
    $1000 6
(Leonardo) da Vinci

Miranda
    $1000 24
a waffle iron

Paul
    $1000 26
(Alex: You three forgot the category--PAST, PRESENT OR FUTURE. What is [*]?)

past

Triple Stumper
    $1000 19
Sri Lanka

Paul
    $1,000 10
Mother Jones

Candy
    $1000 30
a sloth

Candy

Scores at the first commercial break (after clue 15):

Miranda Candy Paul
$1,800 $4,400 $1,400

Scores at the end of the Jeopardy! Round:

Miranda Candy Paul
$3,600 $7,800 $5,000

Double Jeopardy! Round responses

BOTANY
SONG ADJECTIVES
SHORT STORIES
AMERICANA
PUT ON YOUR HELMUT
YOU'RE GOING "IN"
    $400 21
catnip

Paul
    $400 11
Achy Breaky

Paul
    $400 6
Fitzgerald

Miranda
    $400 16
the Smithsonian Institution

Candy
    $400 1
(Candy: Who is Helmut Kohl?)

(Helmut) Schmidt

CandyPaul
    $400 22
(Miranda: What are canines?)

incisors

MirandaCandy
    $800 23
(Paul: Who is Birdseye?)
(Alex: No. Candy or Miranda? It was the other "B"--[*].)

Luther Burbank

Paul
Triple Stumper
    $800 12
Bohemian

Paul
    $1,600 7
Rip Van Winkle

Miranda
    $800 17
Disneyland

Miranda
    $800 2
Helmut Kohl

Candy
    $800 27
inferno

Paul
    $1200 24
a daffodil

Candy
    $1200 13
Sweet

Paul
    $1200 8
(Alex: Dan'l Webster was the celebrated [*].)

"The Jumping Frog of Calaveras County"

Triple Stumper
    $1200 18
Montpelier

Candy
    $1200 3
Chicago

Candy
    $1200 28
(Candy: What is inauguration?)
...
(Alex: What is [*]? 10-letter verb. You put too many letters in there.)

inaugurate

Candy
Triple Stumper
    $1600 25
(Miranda: What is the stamen?)
(Candy: What is the pistil?)
(Alex: No. Correct response--what is [*]? I usually give [*] and then you give the "quethion." Why do I do it? Why do I even bother?)

the anther

MirandaCandy
Triple Stumper
    $1600 14
(Miranda: What is Chilly?)

Hazy

MirandaCandy
    $1600 9
(Alex: Steinbeck's horse was [*].)

the Red Pony

Triple Stumper
    $1600 19
North Carolina

Candy
    $1600 4
a photographer

Candy
    $4,400 29
insulin

Paul
    $2000 26
the banana

Paul
    $2000 15
(Candy: What is Skinny?)

Unskinny

Candy
Triple Stumper
    $2000 10
the Old Man of the Mountain

Paul
    $2000 20
West Virginia

Candy
    $2000 5
Helmut Lang

Candy
    $2000 30
(Candy: What is insiduous?)
...
(Alex: [*]--not "insiduous".)

insidious

MirandaCandy

Scores at the end of the Double Jeopardy! Round:

Miranda Candy Paul
$4,800 $14,600 $16,600

[wagering suggestions for these scores]

Final Jeopardy! Round responses

WORLD CAPITALS
(Alex: The monarchy ended with the overthrow of King Faisal.)
...
(Alex: The correct response is [*]. King Faisal, ten years of turmoil, and then, of course, Saddam Hussein, and the Ba'ath Party.)
MirandaWhat is Congo
$4,799
CandyWhat is Lisbon?
$4,999
PaulWhat is
$12,600
Baghdad

Final scores:

Miranda Candy Paul
$1 $9,601 $4,000
3rd place: $1,000 New champion: $9,601 2nd place: $2,000

Game dynamics:

Coryat scores:

Miranda Candy Paul
$4,000 $14,600 $13,800
9 R
(including 1 DD),
3 W
25 R
(including 1 DD),
5 W
19 R
(including 1 DD),
2 W

Combined Coryat: $32,400

[game clues] [game scores] [suggest correction]

Game tape date: 2005-11-02
The J! Archive is created by fans, for fans. Scraping, republication, monetization, and malicious use prohibited; this site may use cookies and collect identifying information. See terms. The Jeopardy! game show and all elements thereof, including but not limited to copyright and trademark thereto, are the property of Jeopardy Productions, Inc. and are protected under law. This website is not affiliated with, sponsored by, or operated by Jeopardy Productions, Inc. Join the discussion at JBoard.tv.